000 00788nam a2200241 i 4500
001 18585
003 ES-MaACL
005 20240222063046.0
007 t|
008 011031s2001 sp |||| |dspa j
020 _a84-95440-14-8
080 _a929 Umbral, Francisco (047.53)
100 1 _aUmbral, Francisco,
_d1932-2007
_9111971
245 1 0 _aUmbral: vida, obra y pecados
_b: conversaciones /
_cEduardo Martínez Rico.
260 _aTres Cantos (Madrid) :
_bFoca,
_c[2001]
300 _a419 p ;
_c22 cm.
490 1 _aFoca investigación ;
_v14
600 1 4 _aUmbral, Francisco,
_d1932-2007-
_vEntrevistas
_9111973
700 1 _aMartínez Rico, Eduardo.
_978359
830 0 _aFoca investigación ;
_v14
_9180472
852 _aES-MaACL
_jL-25148
999 _c18585
_d18585